000
00199nam a22000857a 4500
008
170617b xxu||||| |||| 00| 0 eng d
100
_9
3476
_a
Ali. S
245
_a
Common Birds
260
_a
387
_b
N. B. T
_c
2008
999
_c
6850
_d
6850